000 02757cam a22004094i 4500
003 PE-LiUPU
005 20250731183429.0
008 150706s r 000 0 d
020 _a9780471709541
020 _a0471709549
035 _a(Sirsi) i9780471709541
040 _aPE-LiUPU
_bspa
_cPE-LiUPU
_erda
049 _aPRUA
082 0 4 _a720.23
_bW22
_221
100 1 _aWaldrep, Lee W.,
_eautor.
245 1 0 _aBecoming an architect :
_ba guide to careers in design /
_cLee W. Waldrep.
264 1 _aNew Jersey :
_bJohn Wiley & Sons, Inc.,
_c2006.
300 _a304 páginas :
_bilustraciones ;
_c23 cm.
336 _atext
_2rdacontent
337 _aunmediated
_2rdamedia
338 _avolume
_2rdacarrier
504 _aIncluye referencias bibliográficas.
505 0 _aThe definition of an architect -- What do architects do? -- Why architecture? -- Is architecture for you? -- Question: What is architecture? -- Profile of the profession -- Diversity -- Question: What are the most important skills an architect needs to be successful? -- The education of an architect -- Preparation: Pre-High School -- Preparation: High School -- Question: What advice would you provide to someone who wants to be an architect? -- Routes to an Accredited Degree. Decision-making process -- You -- Institution -- Architecture Program -- Resources -- Application process -- You are an architecture student! -- Academic Enrichment -- Conclusion -- The experience of an architect -- Gaining Experience as a Student -- Question: What do you look for in hiring a new designer? -- A.R.C.H.I.T.E.C.T -- Moving toward licensure -- The careers of an architect -- Career Designing -- Question: What do you see as the future for the Architecture Profession? -- The resources of an architect -- Collateral organizations -- Architecture related associations -- associations - related careers -- Institutions dedicated to architecture -- Community service -- Recommended reading -- Websites -- NAAB/CACB-accredited architecture programs in the United States and Canada -- Career profiles.
526 _aP158
526 _aP146
526 _aP17
526 _aP12
526 _aP06
541 _g003-000204;
650 0 4 _aArquitectura
_xOrientación vocacional.
910 _agl
_bjck
_d20111010
942 _2ddc
_cBOOK
949 _a720.23 W22
_wDEWEY
_c1
_i63797
_lCCODEBUL1
_mBUL
_p52.00
_r0
_sY
_tBOOK
_u2015-7-6
_xINGENIERIA
_PP06
_o.STAFF. Colección General
994 _aC0
_bPEPRU
596 _a1
999 _a720.23 W22
_wDEWEY
_c52666
_i63797
_d52666
_f2021-11-9
_g7
_lCCODEBUL1
_mBUL
_p52.00
_q1
_r0
_sY
_tBOOK
_u2015-7-6
_xINGENIERIA
_PP06
_0COMPRA
_o.STAFF. Colección General
980 _81
_gALBERTO SANCHEZ Responsable de Automatización